| 000 | 01099nam a22001937a 4500 | ||
|---|---|---|---|
| 999 |
_c59487 _d59487 |
||
| 003 | Ge_BSU | ||
| 005 | 20230301120426.0 | ||
| 008 | 230228sწ.ა xxu||||| |||| 00| 0 geo d | ||
| 041 | _ageo | ||
| 080 | _a331.108:336.22+347.736 ს-14 | ||
| 245 |
_aსაგადასახადო ორგანოების მოხელეთა საკვალიფიკაციო გამოცდებისათვის მოსამზადებელი სასწავლო კურსი / _cსაია. |
||
| 264 |
_a[თბილისი], _cწ.ა. |
||
| 300 |
_a174 გვ. ; _b20 სმ. |
||
| 504 | _a ბიბლიოგრ.: გვ. 174. | ||
| 653 | _aსაგადასახადო მოხელეთა კვალიფიკაცის ამაღლება | ||
| 653 | _aსაგადასახადო მოხელეთა ატესტაცია | ||
| 710 |
_aსაქართველოს ახალგაზრდა იურისტთა ასოციაცია (საია) _916851 |
||
| 942 |
_2udc _cBK |
||